000 00556nam a22001817a 4500
005 20250404142618.0
008 250404b |||||||| |||| 00| 0 eng d
020 _a9781538176382
041 _aeng
082 _a658.802 QUE
100 _aQuesenberry, Keith A.
245 _aBrand Storytelling: Integrated Marketing Communications for the Digital Media Landscape
260 _aLanham
_bRowman & Littlefield Publ
_c2023
300 _a308;. pages: 25 cm
650 _aBranding (Marketing); Storytelling
700 _aCoolsen, Michael K.
942 _cBK
999 _c43560
_d43560